00419nam a2200157Ia 4500001000500000005001700005008004100022041000800063082002200071100002500093245009000118260000900208300002800217650000800245654000800253736720260306160450.0260306t2016||||xx |||||||||||||| ||spa|| aESP a338.7bG37 Nº 55 aAlbújar, AlexeAUT 0aObras por impuestos:bfactores que promueven la participación de la empresa privada c2016 a143 páginas :c24 cm. aGEN aCAN